000 00489cam a2200193ua 4500
001 3293
008 111014n ii |||gr||||Z||||||asm
040 _cMAIN
082 _a891.4513
100 1 _aDantee,
245 1 1 _aDivine comedy narak
_cby Dantee
250 _a1st.
260 _aGuahati:
_bPublication board assam,
_c2007.
300 _a169p:
_c23cm.
653 _aAssamese novel
653 _aDivine comedy narak
700 _aBhattacharya, Tarinikanta,
_etranslated.,
942 _cBK
999 _c3138
_d3138